000 00742nam a2200253Ia 4500
003 OSt
005 20220918170845.0
006 a|||||r|||| 00| 0
007 ta
008 220917b |||||||| |||| 00| 0 eng d
020 _a9780745663890 (pbk)
_c1536.5
024 _a289,741
037 _b1151, 18/03/2016, Bright Book Service
_cTextual
040 _aARTS
_cARTS
_beng
041 _2eng
_aeng
082 _aR3,(D:4), Q6
100 _aParsons Glenn
_931740
245 0 _aPhilosophy of design
260 _aMalden
_bPolity Press U.S.A
_c2016
300 _aviii, 192p.
_ccm.
650 _aPHILOSOPHY
942 _hR3,(D:4), Q6
_cTEXL
_2CC
999 _c136273
_d136273